[Event "3rd Memorial Warakomska 2019"]
[Site "Suwalki"]
[Date "2019.08.11"]
[Round "8.19"]
[White "Barski, Radoslaw"]
[Black "Zakrzewski, Marek"]
[Result "1-0"]
[WhiteElo "2468"]
[BlackElo "2311"]
[Annotator "ChessBase"]
[PlyCount "79"]
[EventDate "2019.08.05"]
[EventType "swiss"]
[EventCountry "POL"]
[SourceTitle "playchess.com"]
[Source "ChessBase"]
[SourceQuality "1"]
[TimeControl "40/5400+30:1800+30"]

1. e4 {[%emt 0:00:00]} c5 {[%emt 0:00:00]} 2. Nf3 {[%emt 0:00:00]} e6 {[%emt 0:00:00]} 3. d4 {[%emt 0:00:00]} cxd4 {[%emt 0:00:00]} 4. Nxd4 {[%emt 0:00:02]} Nc6 {[%emt 0:00:05]} 5. Nc3 {[%emt 0:00:42]} Qc7 {[%emt 0:00:08]} 6. Be3 {[%emt 0:01:26]} a6 {[%emt 0:00:09]} 7. a3 {[%emt 0:00:08]} b5 {[%emt 0:00:08]} 8. Nxc6 {[%emt 0:00:06]} Qxc6 {[%emt 0:00:07]} 9. Be2 {[%emt 0:00:09]} Bb7 {[%emt 0:00:23]} 10. O-O {[%emt 0:01:31]} Rc8 {[%emt 0:19:00]} 11. Bf3 {[%emt 0:01:41]} Qc7 {[%emt 0:01:38]} 12. Re1 {[%emt 0:05:01]} d6 {[%emt 0:02:55]} 13. Bd4 {[%emt 0:07:00]} e5 {[%emt 0:08:37]} 14. Nd5 {[%emt 0:05:05]} Bxd5 {[%emt 0:00:10]} 15. exd5 {[%emt 0:00:04]} Nf6 {[%emt 0:04:32]} 16. Bc3 {[%emt 0:00:40]} Be7 {[%emt 0:01:20]} 17. a4 {[%emt 0:00:18]} O-O {[%emt 0:02:59]} 18. Qd2 {[%emt 0:09:59]} Qd7 {[%emt 0:19:13]} 19. axb5 {[%emt 0:06:18]} axb5 {[%emt 0:00:07]} 20. Ra6 {[%emt 0:00:15]} Ne8 {[%emt 0:04:11]} 21. Rc6 {[%emt 0:07:31]} f5 {[%emt 0:01:28]} 22. Be2 {[%emt 0:00:57]} Rb8 {[%emt 0:00:36]} 23. Ba5 {[%emt 0:01:56]} Nf6 {[%emt 0:05:02]} 24. Bb6 {[%emt 0:09:53]} f4 {[%emt 0:05:53]} 25. Bxb5 {[%emt 0:03:27]} f3 {[%emt 0:00:26]} 26. g3 {[%emt 0:00:16]} Qg4 {[%emt 0:05:22]} 27. Bf1 {[%emt 0:02:52]} Ne4 {[%emt 0:00:51]} 28. Qe3 {[%emt 0:26:29]} Ng5 {[%emt 0:00:21]} 29. h4 {[%emt 0:01:15]} Nh3+ {[%emt 0:08:50]} 30. Kh2 {[%emt 0:00:03]} Nf4 {[%emt 0:00:07]} 31. gxf4 {[%emt 0:00:11]} Qxh4+ {[%emt 0:02:40]} 32. Bh3 {[%emt 0:00:13]} Rxf4 {[%emt 0:00:21]} 33. Rg1 {[%emt 0:00:19]} Rbf8 {[%emt 0:06:38]} 34. Rg3 {[%emt 0:01:29]} Qh5 {[%emt 0:01:02]} 35. Rc7 {[%emt 0:01:14]} Bg5 {[%emt 0:00:06]} 36. Qc3 {[%emt 0:01:01]} Re4 {[%emt 0:01:20]} 37. Rc8 {[%emt 0:02:18]} Bf4 {[%emt 0:00:18]} 38. Rxf8+ {[%emt 0:00:06]} Kxf8 {[%emt 0:00:05]} 39. Qc8+ {[%emt 0:00:03]} Qe8 {[%emt 0:00:52]} 40. Qf5+ {[%emt 0:00:00]} 1-0

[Event "3rd Memorial Warakomska 2019"]
[Site "Suwalki"]
[Date "2019.08.11"]
[Round "8.20"]
[White "Szadkowski, Kamil"]
[Black "Kaczmarek, Aleksander"]
[Result "1-0"]
[WhiteElo "2245"]
[BlackElo "2389"]
[Annotator "NA"]
[PlyCount "135"]
[EventDate "2019.08.05"]
[EventType "swiss"]
[EventCountry "POL"]
[SourceTitle "playchess.com"]
[Source "ChessBase"]
[SourceQuality "1"]
[TimeControl "40/5400+30:1800+30"]

1. e4 {[%emt 0:00:00]} e6 {[%emt 0:00:00]} 2. d4 {[%emt 0:00:00]} d5 {[%emt 0:00:29]} 3. Nc3 {[%emt 0:00:00]} Nf6 {[%emt 0:00:06]} 4. Bg5 {[%emt 0:00:24]} dxe4 {[%emt 0:00:09]} 5. Nxe4 {[%emt 0:00:07]} Be7 {[%emt 0:00:03]} 6. Ng3 {[%emt 0:04:59]} Nbd7 {[%emt 0:10:36]} 7. Nf3 {[%emt 0:05:18]} c5 {[%emt 0:01:21]} 8. Bc4 {[%emt 0:16:29]} cxd4 {[%emt 0:06:57]} 9. O-O {[%emt 0:06:08]} h6 {[%emt 0:12:08]} 10. Bf4 {[%emt 0:01:51]} g5 {[%emt 0:14:45]} 11. Bc1 {[%emt 0:13:25]} Qc7 {[%emt 0:06:03]} 12. Qe2 {[%emt 0:04:21]} a6 {[%emt 0:05:57]} 13. Re1 {[%emt 0:10:14]} Nb6 {[%emt 0:01:15]} 14. Bd3 {[%emt 0:02:36]} Nbd5 {[%emt 0:02:40]} 15. Nxd4 {[%emt 0:03:26]} Bd7 {[%emt 0:03:08]} 16. c4 {[%emt 0:13:51]} Nf4 {[%emt 0:00:12]} 17. Bxf4 {[%emt 0:00:19]} Qxf4 {[%emt 0:01:10]} 18. Ndf5 {[%emt 0:02:00]} Bb4 {[%emt 0:01:25]} 19. Ng7+ {[%emt 0:01:08]} Kf8 {[%emt 0:03:51]} 20. N7h5 {[%emt 0:00:07]} Nxh5 {[%emt 0:00:33]} 21. Nxh5 {[%emt 0:00:01]} Qd4 {[%emt 0:01:35]} 22. Red1 {[%emt 0:01:34]} Ba4 {[%emt 0:06:46]} 23. b3 {[%emt 0:02:56]} Bc6 {[%emt 0:00:07]} 24. Bf5 {[%emt 0:03:02]} Qc5 {[%emt 0:02:18]} 25. Qb2 {[%emt 0:00:05]} Rg8 {[%emt 0:06:03]} 26. Bxe6 {[%emt 0:00:06]} Qe7 {[%emt 0:03:32]} 27. Bd5 {[%emt 0:00:06]} g4 {[%emt 0:03:05]} 28. g3 {[%emt 0:05:15]} Ba3 {[%emt 0:04:25]} 29. Qd4 {[%emt 0:00:30]} Bc5 {[%emt 0:00:35]} 30. Qf4 {[%emt 0:00:16]} Rg6 {[%emt 0:03:12]} 31. Re1 {[%emt 0:00:23]} Qd7 {[%emt 0:00:08]} 32. Nf6 {[%emt 0:00:46]} Qd6 {[%emt 0:00:18]} 33. Qxd6+ {[%emt 0:03:50]} Bxd6 {[%emt 0:00:06]} 34. Ne4 {[%emt 0:00:05]} Bb4 {[%emt 0:00:34]} 35. Re3 {[%emt 0:00:37]} f5 {[%emt 0:00:34]} 36. Nc3 {[%emt 0:00:06]} Bc5 {[%emt 0:00:48]} 37. Re5 {[%emt 0:00:15]} Rf6 {[%emt 0:00:42]} 38. Rd1 {[%emt 0:00:26]} Bb4 {[%emt 0:00:18]} 39. Ne2 {[%emt 0:00:19]} Bd6 {[%emt 0:00:43]} 40. Re6 {[%emt 0:00:00]} Rxe6 {[%emt 0:00:00]} 41. Bxe6 {[%emt 0:00:40]} Bc5 {[%emt 0:09:52]} 42. Bd5 {[%emt 0:01:45]} Ke7 {[%emt 0:10:47]} 43. Kg2 {[%emt 0:07:15]} a5 {[%emt 0:02:17]} 44. Nf4 {[%emt 0:02:24]} Bd6 {[%emt 0:01:01]} 45. Re1+ {[%emt 0:00:52]} Kd7 {[%emt 0:00:11]} 46. Bxc6+ {[%emt 0:00:13]} Kxc6 {[%emt 0:03:14]} 47. Re6 {[%emt 0:00:38]} a4 {[%emt 0:03:06]} 48. Rxh6 {[%emt 0:01:57]} a3 {[%emt 0:02:33]} 49. Nd5 {[%emt 0:05:17]} Re8 {[%emt 0:00:39]} 50. Ne3 {[%emt 0:01:22]} Kd7 {[%emt 0:01:02]} 51. Kf1 {[%emt 0:01:36]} Bc5 {[%emt 0:01:25]} 52. Nd5 {[%emt 0:01:23]} Bd4 {[%emt 0:00:45]} 53. Rh7+ {[%emt 0:01:38]} Kc8 {[%emt 0:00:15]} 54. Ne7+ {[%emt 0:00:40]} Kb8 {[%emt 0:00:13]} 55. Nxf5 {[%emt 0:00:04]} Bc5 {[%emt 0:00:15]} 56. Rd7 {[%emt 0:01:27]} Rh8 {[%emt 0:00:57]} 57. Rd5 {[%emt 0:00:54]} b6 {[%emt 0:00:06]} 58. Nh4 {[%emt 0:00:30]} Re8 {[%emt 0:00:27]} 59. Ng6 {[%emt 0:00:37]} Bb4 {[%emt 0:00:21]} 60. Ne5 {[%emt 0:00:27]} Bc3 {[%emt 0:00:04]} 61. Nd3 {[%emt 0:00:27]} Rh8 {[%emt 0:00:07]} 62. c5 {[%emt 0:01:46]} Rxh2 {[%emt 0:00:21]} 63. cxb6 {[%emt 0:00:39]} Kb7 {[%emt 0:01:22]} 64. Rd6 {[%emt 0:00:18]} Rh5 {[%emt 0:00:10]} 65. Ke2 {[%emt 0:00:27]} Rb5 {[%emt 0:01:40]} 66. Rg6 {[%emt 0:00:14]} Ba5 {[%emt 0:00:15]} 67. Rxg4 {[%emt 0:00:19]} Bxb6 {[%emt 0:00:50]} 68. Ra4 {[%emt 0:00:08]} 1-0

[Event "3rd Memorial Warakomska 2019"]
[Site "Suwalki"]
[Date "2019.08.11"]
[Round "8.21"]
[White "Molenda, Marcin"]
[Black "Szpar, Milosz"]
[Result "1/2-1/2"]
[WhiteElo "2387"]
[BlackElo "2289"]
[Annotator "NA"]
[PlyCount "21"]
[EventDate "2019.08.05"]
[EventType "swiss"]
[EventCountry "POL"]
[SourceTitle "playchess.com"]
[Source "ChessBase"]
[SourceQuality "1"]
[TimeControl "40/5400+30:1800+30"]

1. Nf3 {[%emt 0:00:00]} d5 {[%emt 0:00:43]} 2. g3 {[%emt 0:00:00]} Nf6 {[%emt 0:01:13]} 3. Bg2 {[%emt 0:00:00]} Bf5 {[%emt 0:01:47]} 4. O-O {[%emt 0:00:09]} e6 {[%emt 0:00:44]} 5. d3 {[%emt 0:00:15]} Be7 {[%emt 0:00:28]} 6. c4 {[%emt 0:00:12]} O-O {[%emt 0:09:10]} 7. cxd5 {[%emt 0:07:27]} exd5 {[%emt 0:01:15]} 8. Nc3 {[%emt 0:00:04]} d4 {[%emt 0:10:41]} 9. Nb5 {[%emt 0:02:03]} c5 {[%emt 0:02:43]} 10. Ne5 {[%emt 0:05:22]} Bc8 {[%emt 0:14:23]} 11. a4 {[%emt 0:01:21]} 1/2-1/2

[Event "3rd Memorial Warakomska 2019"]
[Site "Suwalki"]
[Date "2019.08.11"]
[Round "8.23"]
[White "Kowalski, Igor"]
[Black "Shpanko, Nadiia"]
[Result "1-0"]
[WhiteElo "2320"]
[BlackElo "2132"]
[Annotator "NA"]
[PlyCount "69"]
[EventDate "2019.08.05"]
[EventType "swiss"]
[EventCountry "POL"]
[SourceTitle "playchess.com"]
[Source "ChessBase"]
[SourceQuality "1"]
[TimeControl "40/5400+30:1800+30"]

1. d4 {[%emt 0:00:00]} d5 {[%emt 0:00:00]} 2. c4 {[%emt 0:00:00]} e6 {[%emt 0:00:00]} 3. Nc3 {[%emt 0:00:00]} Nf6 {[%emt 0:00:00]} 4. Nf3 {[%emt 0:00:00]} Be7 {[%emt 0:00:00]} 5. Bf4 {[%emt 0:00:02]} O-O {[%emt 0:00:04]} 6. e3 {[%emt 0:00:04]} b6 {[%emt 0:00:06]} 7. cxd5 {[%emt 0:00:04]} Nxd5 {[%emt 0:00:05]} 8. Nxd5 {[%emt 0:00:04]} Qxd5 {[%emt 0:00:08]} 9. Bd3 {[%emt 0:00:04]} Qa5+ {[%emt 0:01:16]} 10. Kf1 {[%emt 0:00:05]} Ba6 {[%emt 0:03:38]} 11. Bxc7 {[%emt 0:00:13]} Bxd3+ {[%emt 0:04:18]} 12. Qxd3 {[%emt 0:00:07]} Na6 {[%emt 0:00:16]} 13. Bg3 {[%emt 0:00:15]} Rac8 {[%emt 0:05:01]} 14. a3 {[%emt 0:14:38]} Nb4 {[%emt 0:21:30]} 15. Qe2 {[%emt 0:04:05]} Qa4 {[%emt 0:13:03]} 16. Kg1 {[%emt 0:01:23]} Nd5 {[%emt 0:18:42]} 17. h3 {[%emt 0:06:15]} Rc2 {[%emt 0:01:21]} 18. Qd1 {[%emt 0:01:01]} b5 {[%emt 0:04:24]} 19. e4 {[%emt 0:14:29]} Nf6 {[%emt 0:04:26]} 20. Bh4 {[%emt 0:26:39]} Re8 {[%emt 0:08:31]} 21. d5 {[%emt 0:15:03]} Qxe4 {[%emt 0:02:55]} 22. d6 {[%emt 0:01:37]} Bd8 {[%emt 0:00:03]} 23. Kh2 {[%emt 0:01:13]} Rxb2 {[%emt 0:08:28]} 24. Re1 {[%emt 0:00:52]} Qa4 {[%emt 0:02:53]} 25. d7 {[%emt 0:07:03]} Bc7+ {[%emt 0:00:25]} 26. Kh1 {[%emt 0:00:05]} Rd8 {[%emt 0:00:13]} 27. Rc1 {[%emt 0:00:31]} Bb6 {[%emt 0:01:02]} 28. Qd6 {[%emt 0:02:43]} Rc2 {[%emt 0:00:09]} 29. Bxf6 {[%emt 0:02:43]} gxf6 {[%emt 0:00:04]} 30. Qe7 {[%emt 0:00:20]} Kg7 {[%emt 0:01:22]} 31. Rb1 {[%emt 0:00:03]} Rc4 {[%emt 0:00:33]} 32. Rxe6 {[%emt 0:00:14]} Rf4 {[%emt 0:00:20]} 33. Rxb6 {[%emt 0:00:05]} axb6 {[%emt 0:00:34]} 34. Qxd8 {[%emt 0:00:04]} Qe4 {[%emt 0:00:05]} 35. Rg1 {[%emt 0:00:06]} 1-0

[Event "3rd Memorial Warakomska 2019"]
[Site "Suwalki"]
[Date "2019.08.11"]
[Round "8.24"]
[White "Licznerski, Lukasz"]
[Black "Luba, Lukasz"]
[Result "1-0"]
[WhiteElo "2328"]
[BlackElo "2177"]
[Annotator "NA"]
[PlyCount "133"]
[EventDate "2019.08.05"]
[EventType "swiss"]
[EventCountry "POL"]
[SourceTitle "playchess.com"]
[Source "ChessBase"]
[SourceQuality "1"]
[TimeControl "40/5400+30:1800+30"]

1. e4 {[%emt 0:04:03]} e5 {[%emt 0:00:00]} 2. Nf3 {[%emt 0:00:11]} d6 {[%emt 0:00:00]} 3. d4 {[%emt 0:00:31]} exd4 {[%emt 0:00:58]} 4. Nxd4 {[%emt 0:00:02]} Nf6 {[%emt 0:00:20]} 5. Nc3 {[%emt 0:00:02]} Be7 {[%emt 0:01:10]} 6. Be2 {[%emt 0:00:52]} Nc6 {[%emt 0:05:04]} 7. Bf4 {[%emt 0:07:01]} Be6 {[%emt 0:03:47]} 8. Bb5 {[%emt 0:10:54]} Bd7 {[%emt 0:02:23]} 9. Bxc6 {[%emt 0:02:28]} bxc6 {[%emt 0:01:37]} 10. e5 {[%emt 0:01:09]} dxe5 {[%emt 0:03:51]} 11. Bxe5 {[%emt 0:00:07]} Bd6 {[%emt 0:00:11]} 12. Bg3 {[%emt 0:10:03]} O-O {[%emt 0:02:53]} 13. O-O {[%emt 0:00:38]} Qb8 {[%emt 0:06:32]} 14. b3 {[%emt 0:14:20]} Rd8 {[%emt 0:02:44]} 15. Qf3 {[%emt 0:11:48]} Bg4 {[%emt 0:01:13]} 16. Qe3 {[%emt 0:00:20]} Bxg3 {[%emt 0:03:09]} 17. Nxc6 {[%emt 0:03:23]} Qb6 {[%emt 0:08:07]} 18. Qxb6 {[%emt 0:02:05]} cxb6 {[%emt 0:00:08]} 19. fxg3 {[%emt 0:01:32]} Rd6 {[%emt 0:00:53]} 20. Ne5 {[%emt 0:00:34]} Rc8 {[%emt 0:00:57]} 21. Nb5 {[%emt 0:06:43]} Rd2 {[%emt 0:06:39]} 22. c4 {[%emt 0:01:19]} Re8 {[%emt 0:00:59]} 23. Rfe1 {[%emt 0:05:36]} Bc8 {[%emt 0:08:42]} 24. Nxa7 {[%emt 0:06:10]} Bb7 {[%emt 0:00:10]} 25. Nf3 {[%emt 0:01:13]} Rxe1+ {[%emt 0:01:05]} 26. Nxe1 {[%emt 0:01:39]} Ng4 {[%emt 0:00:09]} 27. b4 {[%emt 0:01:20]} Ne5 {[%emt 0:18:14]} 28. c5 {[%emt 0:01:43]} bxc5 29. bxc5 {[%emt 0:00:02]} g5 {[%emt 0:03:25]} 30. a4 {[%emt 0:01:09]} Rd7 {[%emt 0:00:27]} 31. Nb5 {[%emt 0:01:05]} Bc6 {[%emt 0:00:07]} 32. Nd6 {[%emt 0:00:29]} g4 {[%emt 0:00:55]} 33. a5 {[%emt 0:01:15]} Kg7 {[%emt 0:01:09]} 34. Ra3 {[%emt 0:00:13]} Ra7 {[%emt 0:02:03]} 35. Nc2 {[%emt 0:00:02]} Kf6 {[%emt 0:01:41]} 36. Nb4 {[%emt 0:00:45]} Ba8 {[%emt 0:01:17]} 37. a6 {[%emt 0:00:49]} Ke6 {[%emt 0:00:11]} 38. Re3 {[%emt 0:00:50]} f6 {[%emt 0:00:07]} 39. Nc4 {[%emt 0:02:55]} Rd7 {[%emt 0:02:06]} 40. Nb6 {[%emt 0:00:00]} Rd8 {[%emt 0:00:00]} 41. a7 {[%emt 0:03:27]} Kf5 {[%emt 0:00:59]} 42. Na6 {[%emt 0:04:32]} Rd1+ {[%emt 0:00:12]} 43. Kf2 {[%emt 0:00:03]} Ra1 {[%emt 0:00:09]} 44. Nc7 {[%emt 0:00:29]} Ra2+ {[%emt 0:00:40]} 45. Ke1 {[%emt 0:02:33]} Bxg2 {[%emt 0:00:52]} 46. a8=Q {[%emt 0:00:05]} Bxa8 {[%emt 0:00:13]} 47. Ncxa8 {[%emt 0:00:18]} Rc2 {[%emt 0:03:04]} 48. Na4 {[%emt 0:00:33]} Ra2 {[%emt 0:01:29]} 49. N8b6 {[%emt 0:00:16]} Rxh2 {[%emt 0:00:35]} 50. Rc3 {[%emt 0:02:08]} Rh1+ {[%emt 0:01:49]} 51. Kf2 {[%emt 0:00:34]} Rh2+ {[%emt 0:00:14]} 52. Kg1 {[%emt 0:00:55]} Ra2 {[%emt 0:00:21]} 53. c6 {[%emt 0:01:04]} Ra1+ {[%emt 0:00:06]} 54. Kf2 {[%emt 0:00:18]} Ra2+ {[%emt 0:00:05]} 55. Ke3 {[%emt 0:01:20]} Nxc6 {[%emt 0:00:11]} 56. Rxc6 {[%emt 0:00:06]} Rg2 {[%emt 0:00:02]} 57. Rc5+ {[%emt 0:00:08]} Kg6 {[%emt 0:00:05]} 58. Kf4 {[%emt 0:00:30]} h5 {[%emt 0:00:01]} 59. Nd5 {[%emt 0:01:30]} Rf2+ {[%emt 0:01:40]} 60. Ke4 {[%emt 0:00:02]} f5+ {[%emt 0:00:55]} 61. Ke5 {[%emt 0:02:13]} Re2+ {[%emt 0:01:17]} 62. Kd6 {[%emt 0:00:01]} Kg5 {[%emt 0:00:13]} 63. Rc8 {[%emt 0:00:11]} Rg2 {[%emt 0:00:52]} 64. Rg8+ {[%emt 0:00:42]} Kh6 {[%emt 0:00:02]} 65. Nf6 {[%emt 0:01:36]} Rxg3 {[%emt 0:00:56]} 66. Ke6 {[%emt 0:00:01]} Rb3 {[%emt 0:01:13]} 67. Nc5 {[%emt 0:00:11]} 1-0

[Event "3rd Memorial Warakomska 2019"]
[Site "Suwalki"]
[Date "2019.08.11"]
[Round "8.25"]
[White "Pniaczek, Marek"]
[Black "Kulon, Klaudia"]
[Result "0-1"]
[WhiteElo "2276"]
[BlackElo "2331"]
[Annotator "NA"]
[PlyCount "54"]
[EventDate "2019.08.05"]
[EventType "swiss"]
[EventCountry "POL"]
[SourceTitle "playchess.com"]
[Source "ChessBase"]
[SourceQuality "1"]
[TimeControl "40/5400+30:1800+30"]

1. d4 d5 {[%emt 0:04:03]} 2. c4 {[%emt 0:00:11]} e6 {[%emt 0:00:06]} 3. Nf3 {[%emt 0:00:47]} c6 {[%emt 0:00:05]} 4. e3 {[%emt 0:00:25]} Bd6 {[%emt 0:00:09]} 5. Bd3 {[%emt 0:02:38]} f5 {[%emt 0:00:06]} 6. O-O {[%emt 0:06:11]} Nf6 {[%emt 0:00:20]} 7. b3 {[%emt 0:01:40]} Qe7 {[%emt 0:00:06]} 8. Bb2 {[%emt 0:00:31]} O-O {[%emt 0:01:06]} 9. Nbd2 {[%emt 0:00:51]} b6 {[%emt 0:02:17]} 10. Qe2 {[%emt 0:04:18]} Bb7 {[%emt 0:08:15]} 11. Ne5 {[%emt 0:01:54]} Nbd7 {[%emt 0:01:03]} 12. Rac1 {[%emt 0:04:05]} c5 {[%emt 0:02:11]} 13. cxd5 {[%emt 0:02:01]} Nxd5 {[%emt 0:00:30]} 14. Ndc4 {[%emt 0:05:12]} Nxe5 {[%emt 0:03:54]} 15. dxe5 {[%emt 0:05:34]} Bc7 {[%emt 0:00:43]} 16. f3 {[%emt 0:02:43]} a6 {[%emt 0:06:59]} 17. a4 {[%emt 0:02:26]} Qg5 {[%emt 0:07:03]} 18. Rfe1 {[%emt 0:02:34]} Rad8 {[%emt 0:04:04]} 19. f4 {[%emt 0:11:29]} Qg6 {[%emt 0:00:56]} 20. g3 {[%emt 0:05:01]} h5 {[%emt 0:03:35]} 21. Kf2 {[%emt 0:01:30]} h4 {[%emt 0:02:05]} 22. Rg1 {[%emt 0:03:41]} Qh6 {[%emt 0:01:17]} 23. h3 {[%emt 0:01:36]} hxg3+ {[%emt 0:00:07]} 24. Kxg3 {[%emt 0:01:11]} Kf7 {[%emt 0:01:11]} 25. Kh2 {[%emt 0:05:09]} Nxf4 {[%emt 0:01:31]} 26. exf4 {[%emt 0:00:04]} Qxf4+ {[%emt 0:00:03]} 27. Rg3 {[%emt 0:00:03]} Rxd3 {[%emt 0:00:17]} 0-1

[Event "3rd Memorial Warakomska 2019"]
[Site "Suwalki"]
[Date "2019.08.11"]
[Round "8.27"]
[White "Suliborski, Jakub"]
[Black "Gurbanov, Andrei"]
[Result "1/2-1/2"]
[WhiteElo "2131"]
[BlackElo "2305"]
[Annotator "NA"]
[PlyCount "86"]
[EventDate "2019.08.05"]
[EventType "swiss"]
[EventCountry "POL"]
[SourceTitle "playchess.com"]
[Source "ChessBase"]
[SourceQuality "1"]
[TimeControl "40/5400+30:1800+30"]

1. d4 {[%emt 0:00:00]} d5 {[%emt 0:00:00]} 2. Nf3 {[%emt 0:00:00]} Nf6 {[%emt 0:00:00]} 3. c4 {[%emt 0:00:00]} e6 {[%emt 0:00:01]} 4. Nc3 {[%emt 0:00:00]} c6 {[%emt 0:00:46]} 5. Bg5 {[%emt 0:00:10]} h6 {[%emt 0:00:09]} 6. Bxf6 {[%emt 0:01:59]} Qxf6 {[%emt 0:00:06]} 7. e3 {[%emt 0:00:19]} g6 {[%emt 0:00:46]} 8. Rc1 {[%emt 0:00:28]} Nd7 {[%emt 0:00:19]} 9. Be2 {[%emt 0:00:42]} Bg7 {[%emt 0:00:07]} 10. O-O {[%emt 0:00:28]} O-O {[%emt 0:00:14]} 11. a3 {[%emt 0:00:47]} dxc4 {[%emt 0:00:57]} 12. Bxc4 {[%emt 0:00:06]} Rd8 {[%emt 0:02:53]} 13. Qe2 {[%emt 0:00:29]} e5 {[%emt 0:01:07]} 14. dxe5 {[%emt 0:02:55]} Nxe5 {[%emt 0:00:10]} 15. Nxe5 {[%emt 0:00:04]} Qxe5 {[%emt 0:00:07]} 16. Rfd1 {[%emt 0:00:29]} Re8 {[%emt 0:01:19]} 17. Qf3 {[%emt 0:00:53]} Qf6 {[%emt 0:04:19]} 18. Qxf6 {[%emt 0:06:11]} Bxf6 {[%emt 0:00:06]} 19. Rd2 {[%emt 0:00:11]} Bf5 {[%emt 0:00:42]} 20. Rcd1 {[%emt 0:02:22]} Rad8 {[%emt 0:01:42]} 21. Kf1 {[%emt 0:00:16]} Kf8 {[%emt 0:01:12]} 22. Ke2 {[%emt 0:02:38]} Bg4+ {[%emt 0:00:30]} 23. f3 {[%emt 0:00:07]} Bf5 {[%emt 0:00:08]} 24. e4 {[%emt 0:00:36]} Bc8 {[%emt 0:00:30]} 25. Rxd8 {[%emt 0:00:35]} Bxd8 {[%emt 0:00:10]} 26. g3 {[%emt 0:04:59]} h5 {[%emt 0:00:23]} 27. Rd2 {[%emt 0:00:50]} g5 {[%emt 0:01:18]} 28. Bd3 {[%emt 0:03:34]} Bc7 {[%emt 0:02:41]} 29. Bc2 {[%emt 0:06:46]} Ke7 {[%emt 0:00:23]} 30. Kf1 {[%emt 0:19:29]} Be6 {[%emt 0:03:03]} 31. Ne2 {[%emt 0:01:11]} Be5 {[%emt 0:00:13]} 32. Bd1 {[%emt 0:06:47]} h4 {[%emt 0:01:15]} 33. Kg2 {[%emt 0:08:37]} hxg3 {[%emt 0:02:20]} 34. hxg3 {[%emt 0:00:07]} Rh8 {[%emt 0:00:11]} 35. f4 {[%emt 0:02:36]} Bh3+ {[%emt 0:01:25]} 36. Kf3 {[%emt 0:00:31]} gxf4 {[%emt 0:00:23]} 37. gxf4 {[%emt 0:01:23]} Bc7 {[%emt 0:00:13]} 38. Nd4 {[%emt 0:03:37]} Bc8 {[%emt 0:14:09]} 39. e5 {[%emt 0:07:25]} Rh4 {[%emt 0:05:01]} 40. Ke4 {[%emt 0:00:00]} f6 {[%emt 0:00:00]} 41. Nf5+ {[%emt 0:02:50]} Bxf5+ {[%emt 0:03:23]} 42. Kxf5 {[%emt 0:00:02]} fxe5 {[%emt 0:00:07]} 43. fxe5 {[%emt 0:00:05]} Rh1 {[%emt 0:00:12]} 1/2-1/2

[Event "3rd Memorial Warakomska 2019"]
[Site "Suwalki"]
[Date "2019.08.11"]
[Round "8.28"]
[White "Jankowiak, Tomasz"]
[Black "Paszewski, Mateusz"]
[Result "0-1"]
[WhiteElo "2104"]
[BlackElo "2324"]
[Annotator "NA"]
[PlyCount "78"]
[EventDate "2019.08.05"]
[EventType "swiss"]
[EventCountry "POL"]
[SourceTitle "playchess.com"]
[Source "ChessBase"]
[SourceQuality "1"]
[TimeControl "40/5400+30:1800+30"]

1. e4 c6 2. d4 d5 3. e5 Bf5 4. h4 h5 5. c4 e6 6. Nc3 Ne7 7. Nge2 Nd7 8. Ng3 Bg6 9. cxd5 Nxd5 10. Be2 Qb6 11. Nxd5 cxd5 12. a3 Nb8 13. b4 Nc6 14. Be3 O-O-O 15. b5 Na5 16. Qa4 Be7 17. O-O Kb8 18. Bd2 Nc4 19. Bxc4 dxc4 20. Ba5 Qxd4 21. Ne2 Qxe5 22. Bxd8 Rxd8 23. Qxc4 Bd3 24. Qf4 Qxf4 25. Nxf4 Bxf1 26. Kxf1 g6 27. Ke2 Bxh4 28. Nd3 Bf6 29. Rc1 Bd4 30. Rc4 e5 31. f4 e4 32. Nb4 f5 33. a4 Bb6 34. Rc3 Rd4 35. Nc2 Rxa4 36. Rg3 Ra2 37. Kd1 e3 38. Ne1 e2+ 39. Kc1 Bf2 0-1

[Event "3rd Memorial Warakomska 2019"]
[Site "Suwalki"]
[Date "2019.08.11"]
[Round "8.29"]
[White "Zaika, Daniil"]
[Black "Fiedorek, Michal"]
[Result "0-1"]
[WhiteElo "2216"]
[BlackElo "2241"]
[Annotator "NA"]
[PlyCount "74"]
[EventDate "2019.08.05"]
[EventType "swiss"]
[EventCountry "POL"]
[SourceTitle "playchess.com"]
[Source "ChessBase"]
[SourceQuality "1"]
[TimeControl "40/5400+30:1800+30"]

1. d4 {[%emt 0:00:43]} Nf6 {[%emt 0:00:00]} 2. c4 {[%emt 0:00:08]} g6 {[%emt 0:00:00]} 3. g3 {[%emt 0:00:07]} Bg7 {[%emt 0:00:00]} 4. Bg2 {[%emt 0:00:07]} O-O {[%emt 0:00:14]} 5. Nc3 {[%emt 0:00:06]} d6 {[%emt 0:00:40]} 6. Nf3 {[%emt 0:00:10]} Nbd7 {[%emt 0:00:12]} 7. O-O {[%emt 0:00:41]} e5 {[%emt 0:00:12]} 8. h3 {[%emt 0:00:09]} Re8 {[%emt 0:01:04]} 9. e4 {[%emt 0:00:15]} exd4 {[%emt 0:00:18]} 10. Nxd4 {[%emt 0:00:05]} Nc5 {[%emt 0:00:10]} 11. Re1 {[%emt 0:00:20]} Bd7 {[%emt 0:00:54]} 12. Kh2 {[%emt 0:12:03]} h5 {[%emt 0:01:09]} 13. f4 {[%emt 0:13:50]} c6 {[%emt 0:08:12]} 14. b4 {[%emt 0:14:51]} Ne6 {[%emt 0:02:51]} 15. Be3 {[%emt 0:04:39]} Nxd4 {[%emt 0:23:14]} 16. Bxd4 {[%emt 0:00:26]} Be6 {[%emt 0:00:23]} 17. Rc1 {[%emt 0:25:24]} Bxc4 {[%emt 0:12:08]} 18. e5 {[%emt 0:00:05]} dxe5 {[%emt 0:13:13]} 19. fxe5 {[%emt 0:00:04]} Nh7 {[%emt 0:10:14]} 20. Ne4 {[%emt 0:01:26]} Bxa2 {[%emt 0:03:22]} 21. Nd6 {[%emt 0:00:08]} Re7 {[%emt 0:01:46]} 22. b5 {[%emt 0:00:07]} Bd5 {[%emt 0:02:39]} 23. bxc6 {[%emt 0:01:45]} bxc6 {[%emt 0:00:29]} 24. Bxd5 {[%emt 0:00:43]} cxd5 {[%emt 0:00:05]} 25. Qb3 {[%emt 0:00:35]} Qa5 {[%emt 0:02:36]} 26. Re2 {[%emt 0:00:06]} h4 {[%emt 0:08:26]} 27. Ra2 {[%emt 0:06:51]} hxg3+ {[%emt 0:00:46]} 28. Kg2 {[%emt 0:00:38]} Qd8 {[%emt 0:01:15]} 29. Qxd5 {[%emt 0:00:02]} Nf8 {[%emt 0:04:58]} 30. Bb6 {[%emt 0:03:15]} Qxb6 {[%emt 0:02:32]} 31. Qxa8 {[%emt 0:00:07]} Qe3 {[%emt 0:00:51]} 32. Rc8 {[%emt 0:04:01]} Qxe5 {[%emt 0:00:22]} 33. Ne8 {[%emt 0:00:05]} Bh6 {[%emt 0:00:40]} 34. Qc6 {[%emt 0:01:16]} Re6 {[%emt 0:00:21]} 35. Qa4 {[%emt 0:00:20]} Qd5+ {[%emt 0:00:20]} 36. Kxg3 {[%emt 0:00:29]} Re3+ 37. Kh2 Qe5+ 0-1